zpět

Detail výsledku týmu

Pub Na Plech ČT - Žižkov, Praha

Datum a čas kvízu

28 Celkem bodů Celkový počet nahraných bodů na tomto kvízu bez doplňovacích otázek.
9. Pořadí na kvízu Konečné umístění týmu na tomto kvízu.

Zaznamenané odpovědi

# Otázka Odpověď Body Výsledky
1. Jak se jmenovala žena, jejíž s... Olga Kočková 0
2. Jistý stát zažil minulý týden... Čína 0
3. Letošní vyhlášení tuzemských k... Muriel 0
4. V sobotu nastal tzv. mikroúpln... sněžný 0
5. 34letý trojnásobný mistr světa... Peter Sagan 1
6. Součástí televizního programu... Hodina pravdy 1
7. Která veřejně známá osobnost z... Ladislav Zibura 0
8. Mezi lety 1996 až 2006 vysílal... Videostop 1
9. V dnešní době je velmi populár... 1B 2A 3D 4C 1
10. Kdo z uvedených nikdy nemodero... D 0